01129nam a22002657i 4500003000400000005001700004008004100021020001800062040001500080041001300095082001500108100002700123245009300150260004100243260005600284300007000340500025800410650002300668650002000691650002200711650002500733700002900758700002700787700004900814OSt20251210171938.0251210s2017 xxuo|||grc||| 00| 0 eng d a9780985448578 bspacLADOV1 aspaaeng04a708bB433n1 aBell, Natalieeeditora10aNaufus Ramírez-Figueroa / cedited by Natalie Bell, João Mourão and Luis Sílva.  aNueva York : bNew Museum, c[2018]. aLisboa, Portugal : bKunsthalle Lissabon, c[2018]. a183 páginas : bfotografías e ilustraciones a color ; c25 cm aPublished on the occasion of the exhibition "Naufus Ramírez-Figueroa: The house ot Kawinal (June 6 - September 9, 2018). – Publicado con motivo de la exposición "Naufus Ramírez-Figueroa: La casa de Kawinal (6 de junio - 9 de septiembre de 2018).04aArtevexposiciones04aArtevGuatemala04aArtevcatálogos04aArte contemporáneo1 aMourão, Joãoeeditor1 aSílva, Luis eeditor1 aRamírez-Figueroa, Naufus eeditoreartista